• 首页
  • 本馆介绍
  • 公告通知
  • 最新文献
  • 馆藏检索
  • 电子资源
  • 读者导购
  • 参考咨询
  • 我的图书馆
  • 登录
  • 详细信息显示
  • 放入我的书架
  • 预约/预借图书
  • 作者相关作品
  • 分类相关作品
  • 丛书相关作品
  • 出版社相关作品

书目信息

  • 表格格式
  • 工作单格式
  • 卡片格式
题名:
解放战争时期的土地改革
    
 
作者: 董志凯 著
分册:  
出版信息: 北京   北京大学出版社  1987
页数: 285页
开本: 20cm
丛书名:
单 册:
中图分类: D651.1
科图分类:
主题词: 土地改革--中国
电子资源:
ISBN:
000 00634nam0 2200229 45
001 0187001458
005 20050620150445.8
010    @dCNY1.85
091    @a4209.37
100    @a19900808d1987 kemy0chiy0121 ea
101 0  @achi
102    @aCN@b110000
105    @ay z 000yy
200 10 @a解放战争时期的土地改革@Ajie fang zhan zheng shi qi de tu di gai ge@f董志凯著@FDong Zhi Kai Zhu
210    @a北京@c北京大学出版社@d1987
215    @a285页@d20cm
606    @a土地改革@x中国
690    @aD651.1@v3
701  0 @a董志凯@4著
801  0 @aCN@b深圳图书馆@c20040423
801  2 @aCN@bNLC@c20040423
905    @dD651.1@e4@f1@b212536
    
    解放战争时期的土地改革/董志凯著.-北京:北京大学出版社,1987
    285页;20cm
    
    
    ISBN :CNY1.85
    
●
相关链接 在E读中查询图书 在五车中查询图书 在当当中查询图书 在豆瓣中查询图书


正题名:解放战争时期的土地改革     索取号:D651.1/4         预约/预借

序号 登录号 条形码 馆藏地/架位号 状态 备注
1 0212534   001111497   第一借阅区/ [索取号:D651.1/4] 在馆    
2 0212535   001111567   密集书库/ [索取号:D651.1/4] 在馆    
3 0212536   001111558   第一样本阅览室/ [索取号:D651.1/4] 在馆    
唐山师范学院图书馆 欢迎您!
大连网信软件有限公司© 版权所有